Skyrim (Plants) - Statistics

General Stats
  • This quiz has been taken 63 times
  • The average score is 16 of 53
Answer Stats
Answer % Correct
Blue Mountain Flower
80%
Red Mountain Flower
80%
Purple Mountain Flower
73%
Nirnroot
71%
Wheat
59%
Crimson Nirnroot
55%
Nightshade
53%
Deathbell
51%
Yellow Mountain Flower
51%
Creep Cluster
49%
Lavender
47%
Potato
47%
Hanging Moss
45%
Cabbage
41%
Carrot
37%
Dragon's Tongue
37%
White Cap
37%
Leek
35%
Snowberries
35%
Tomato
33%
Juniper Berries
31%
Bleeding Crown
29%
Canis Root
29%
Imp Stool
29%
Blisterwort
27%
Garlic
27%
Jazbay Grapes
27%
Fly Amanita
24%
Namira's Rot
24%
Elves Ear
22%
Grass Pod
22%
Swamp Fungal Pod
22%
Glowing Mushroom
20%
Mora Tapinella
20%
Thistle Branch
20%
Tundra Cotton
20%
Frost Mirriam
16%
Gourd
16%
Scathecraw
14%
Taproot
14%
Ash Creep Cluster
12%
Green Apple
12%
Red Apple
12%
Ashen Grass Pod
10%
Ash Yam
10%
Trama Root
10%
Jarrin Root
8%
Scaly Pholiota
6%
Giant Lichen
2%
Burnt Spriggan Wood
0%
Emperors Parasol Moss
0%
Gleamblossom
0%
Poison Bloom
0%
No matching quizzes found
Score Distribution
Percent of People with Each Score
Percentile by Number Answered
Your Score History
You have not taken this quiz